Vědecká pojednání V - 1
Guardado en:
| Formato: | Libro |
|---|---|
| Lenguaje: | checo alemán polaco inglés |
| Publicado: |
Liberec
Technická univerzita v Liberci
1999
|
| Materias: | |
| Etiquetas: |
Sin Etiquetas, Sea el primero en etiquetar este registro!
|
MARC
| LEADER | 00000nam a2200000 4500 | ||
|---|---|---|---|
| 001 | c123177 | ||
| 005 | 20250509102733.9 | ||
| 020 | |a 80-7083-353-X | ||
| 041 | 0 | |a cze | |
| 041 | 0 | |a ger | |
| 041 | 0 | |a pol | |
| 041 | 0 | |a eng | |
| 044 | |a CZ | ||
| 245 | 1 | 0 | |a Vědecká pojednání |b V - 1 |
| 264 | 1 | |a Liberec |b Technická univerzita v Liberci |c 1999 | |
| 300 | |a 228 s. | ||
| 610 | 2 | 0 | |a spolupráca vedeckovýskumná |
| 610 | 2 | 0 | |a regióny |
| 610 | 2 | 0 | |a školy vysoké |
| 610 | 2 | 0 | |a inovácia |
| 610 | 2 | 0 | |a kooperácia hospodárska medzinárodná |
| 610 | 2 | 0 | |a agroturistika |
| 610 | 2 | 0 | |a euroregióny |
| 610 | 2 | 0 | |a práca sociálna |
| 610 | 2 | 0 | |a nezamestnanosť |
| 610 | 2 | 0 | |a inštitúcia |
| 610 | 2 | 0 | |a kultúra |
| 610 | 2 | 0 | |a financovanie |
| 610 | 2 | 0 | |a výchova |
| 610 | 2 | 0 | |a vzdelanie |
| 610 | 2 | 0 | |a kalkulácia nákladov |
| 610 | 2 | 0 | |a ceny |
| 610 | 2 | 0 | |a správa verejná |
| 610 | 2 | 0 | |a reklama |
| 610 | 2 | 0 | |a trh |
| 610 | 2 | 0 | |a inflácia |
| 610 | 2 | 0 | |a veda |
| 610 | 2 | 0 | |a výskum |
| 610 | 2 | 0 | |a Česko |
| 610 | 2 | 0 | |a Poľsko |
| 610 | 2 | 0 | |a Nemecko |
| 610 | 2 | 0 | |a Euroregión Nysa |